[Event "VII Memorial Alvise Zichichi"]
[Site "Ladispoli ITA"]
[Date "2009.09.20"]
[Round "3"]
[White "Golino, Giovanni"]
[Black "Antonetti, Mattia"]
[Result "1-0"]
[WhiteElo "1898"]
[BlackElo "1592"]
[PlyCount "171"]
[EventDate "2009.09.19"]

1. e4 Nf6 2. Nc3 d5 3. exd5 Nxd5 4. Nxd5 Qxd5 5. Nf3 Bg4 6. Be2 e6 7. O-O Be7
8. h3 Bh5 9. c4 Qd6 10. d4 c6 11. Be3 O-O 12. Qd2 Nd7 13. g4 Bg6 14. Bf4 Qb4
15. Qxb4 Bxb4 16. Nh4 Be7 17. Nxg6 hxg6 18. Bg3 g5 19. f3 Bf6 20. Rfd1 Rfe8 21.
Kf1 Nf8 22. Rd2 Ng6 23. Rad1 Rad8 24. b3 Nf4 25. Bxf4 gxf4 26. d5 exd5 27. cxd5
c5 28. Rc2 b6 29. Bd3 g5 30. Be4 Kg7 31. a4 a5 32. Ke2 Rh8 33. Rh1 Be7 34. Kd3
Rh6 35. Kc4 Rdh8 36. Rch2 Rd6 37. Re2 Rdh6 38. Bd3 Bd6 39. Reh2 Re8 40. h4 Reh8
41. h5 Be5 42. Rd1 Bd4 43. Re2 Be3 44. Be4 Rd6 45. Kb5 Kh6 46. Rc2 Re8 47. Rc3
Bd4 48. Rcd3 Be5 49. Kc4 Bf6 50. R3d2 Be5 51. Re2 f6 52. Bf5 Rh8 53. Rde1 Re8
54. Be6 Bd4 55. Bf7 Re3 56. Rxe3 fxe3 57. Kd3 Rd7 58. Be6 Re7 59. Ke4 Re8 60.
Kf5 Rd8 61. Re2 Rd6 62. Re1 Rd8 63. Bf7 Rd6 64. Re2 Kg7 65. Be6 Kh6 66. f4 Rd8
67. Ke4 gxf4 68. Kxf4 Re8 69. Bd7 Rd8 70. Bc6 Rg8 71. Kf3 f5 72. gxf5 Rg5 73.
Ke4 Rg4+ 74. Kd3 Rf4 75. Bd7 Kxh5 76. Be6 Kg4 77. f6+ Kf3 78. f7 Bg7 79. Rxe3+
Kf2 80. Rh3 Rb4 81. Kc2 c4 82. d6 cxb3+ 83. Bxb3 Rf4 84. Rd3 Bf8 85. d7 Be7 86.
d8=Q 1-0

[Event "VII Memorial Alvise Zichichi"]
[Site "Ladispoli ITA"]
[Date "2009.09.20"]
[Round "3"]
[White "Guanciale, Orazio"]
[Black "Mecali, Antonello"]
[Result "1-0"]
[WhiteElo "2155"]
[BlackElo "1826"]
[PlyCount "59"]
[EventDate "2009.09.19"]

1. e4 c5 2. Nc3 Nc6 3. f4 d6 4. Nf3 Nf6 5. Bb5 a6 6. Bxc6+ bxc6 7. e5 Nd5 8.
O-O g6 9. exd6 exd6 10. Qe1+ Be7 11. d4 O-O 12. dxc5 dxc5 13. Ne5 Qc7 14. f5 f6
15. Ng4 g5 16. Ne4 h5 17. Ne3 Kg7 18. Bd2 Qe5 19. Nxg5 fxg5 20. Nxd5 Qxd5 21.
Qxe7+ Rf7 22. Qxg5+ Kf8 23. Qh6+ Rg7 24. Rf2 Kg8 25. f6 Rf7 26. Qg6+ Kf8 27.
Bh6+ Ke8 28. Qg8+ Kd7 29. Rd2 Qxd2 30. Qxf7+ 1-0

[Event "VII Memorial Alvise Zichichi"]
[Site "Ladispoli ITA"]
[Date "2009.09.20"]
[Round "3"]
[White "Iacoacci, Giancarlo"]
[Black "Messina, Salvatore"]
[Result "1-0"]
[WhiteElo "1820"]
[BlackElo "1524"]
[PlyCount "137"]
[EventDate "2009.09.19"]

1. d4 Nf6 2. Nf3 e6 3. Bf4 d5 4. e3 c5 5. Bd3 Nc6 6. c3 Be7 7. h3 a6 8. a4 O-O
9. O-O Re8 10. Ne5 Bd6 11. Nd2 Qc7 12. Ndf3 Nd7 13. Nxd7 Bxd7 14. Bxd6 Qxd6 15.
Re1 e5 16. dxe5 Nxe5 17. Bc2 Qf6 18. Nh2 Bc6 19. Qh5 g6 20. Ng4 Qxf2+ 21. Kxf2
gxh5 22. Nf6+ Kg7 23. Nxe8+ Rxe8 24. Kg1 Nc4 25. b4 cxb4 26. e4 dxe4 27. cxb4
e3 28. b5 axb5 29. axb5 Bxb5 30. Bd3 Nd6 31. Bxb5 Nxb5 32. Rab1 Re5 33. Rb3 e2
34. Rd3 Rc5 35. Rxe2 Rc1+ 36. Kh2 Nc3 37. Rg3+ Kf8 38. Rb2 b5 39. Rg5 h4 40.
Rh5 Kg7 41. Rxh4 Rd1 42. Rg4+ Kf6 43. Rg3 Rc1 44. Rb3 Ne4 45. Rgf3+ Kg7 46.
Rxb5 Rc8 47. Rf4 Re8 48. Rg4+ Kh6 49. Rb6+ f6 50. Rf4 Kg5 51. Rf3 Re5 52. Rb4
h5 53. h4+ Kxh4 54. Rf4+ Kg5 55. Rfxe4 Rf5 56. Re8 Kh6 57. Rbb8 Kg7 58. Rg8+
Kf7 59. Rgf8+ Kg7 60. Rfc8 Kh6 61. Rb7 Kg5 62. Rg7+ Kf4 63. Re8 Rd5 64. Rg3 Rd6
65. Rh8 Rd5 66. Rf3+ Kg5 67. Rg8+ Kh6 68. Rxf6+ Kh7 69. Rg3 1-0

[Event "VII Memorial Alvise Zichichi"]
[Site "Ladispoli ITA"]
[Date "2009.09.20"]
[Round "3"]
[White "Masciolini, Giovanni"]
[Black "Messina, Roberta"]
[Result "1/2-1/2"]
[WhiteElo "1583"]
[BlackElo "1895"]
[PlyCount "99"]
[EventDate "2009.09.19"]

1. c4 e5 2. Nc3 Nf6 3. Nf3 Nc6 4. g3 d5 5. cxd5 Nxd5 6. Bg2 Nb6 7. d3 Be7 8.
O-O O-O 9. Rb1 Be6 10. a3 a5 11. Be3 f5 12. Qd2 Qe8 13. Nb5 Rc8 14. Ng5 Bb3 15.
f4 h6 16. Nf3 e4 17. Nfd4 Nxd4 18. Nxd4 Bd5 19. dxe4 Nc4 20. Qc3 fxe4 21. Bh3
Bf6 22. Bxc8 Qxc8 23. Qc1 c5 24. Nb3 b6 25. Rd1 Qe6 26. Na1 Nxe3 27. Qxe3 Ba2
28. Rbc1 Bxb2 29. Rc2 Bd4 30. Rxd4 cxd4 31. Qxd4 Bd5 32. Rc7 Rf7 33. Rxf7 Kxf7
34. Nc2 Bc4 35. e3 Qd5 36. Qxd5+ Bxd5 37. Nd4 g6 38. Kf2 Ke7 39. Ke1 Kd6 40.
Kd2 Kc5 41. Kc3 h5 42. h3 Kd6 43. g4 hxg4 44. hxg4 Ke7 45. g5 Kd6 46. Nb5+ Kc5
47. Nd4 b5 48. Nb3+ Kb6 49. Nd2 Kc5 50. Nb3+ 1/2-1/2

[Event "VII Memorial Alvise Zichichi"]
[Site "Ladispoli ITA"]
[Date "2009.09.20"]
[Round "3"]
[White "Musmarra, Giovanni"]
[Black "Fasulo, Marco"]
[Result "1-0"]
[WhiteElo "1738"]
[BlackElo "1616"]
[PlyCount "35"]
[EventDate "2009.09.19"]

1. e4 e5 2. Bc4 Bc5 3. Nf3 d6 4. d4 exd4 5. Nxd4 Qf6 6. Be3 Nc6 7. c3 Nxd4 8.
cxd4 Bb4+ 9. Nc3 c5 10. O-O Bxc3 11. bxc3 Bd7 12. Qb3 b6 13. Rad1 Ne7 14. f4
Nc6 15. e5 dxe5 16. fxe5 Na5 17. exf6 Nxb3 18. fxg7 1-0

[Event "VII Memorial Alvise Zichichi"]
[Site "Ladispoli ITA"]
[Date "2009.09.20"]
[Round "3"]
[White "Parrini, Daniele"]
[Black "Giuliano, Alberto"]
[Result "1-0"]
[WhiteElo "2022"]
[BlackElo "1786"]
[PlyCount "63"]
[EventDate "2009.09.19"]

1. e4 e6 2. d4 d5 3. Nc3 dxe4 4. Nxe4 Nd7 5. Nf3 Ngf6 6. Nxf6+ Nxf6 7. c3 c5 8.
Ne5 Qb6 9. Qa4+ Bd7 10. Nxd7 Nxd7 11. Bb5 O-O-O 12. Be3 a6 13. Bxd7+ Rxd7 14.
O-O-O cxd4 15. Bxd4 Qc6 16. Qxc6+ bxc6 17. Bb6 Rxd1+ 18. Rxd1 Be7 19. Kc2 Bd8
20. Rxd8+ Rxd8 21. Bxd8 Kxd8 22. Kd3 f6 23. Kc4 h5 24. b4 g5 25. a4 Kc7 26. Kc5
e5 27. c4 f5 28. b5 cxb5 29. cxb5 e4 30. b6+ Kd7 31. Kd5 e3 32. fxe3 1-0

[Event "VII Memorial Alvise Zichichi"]
[Site "Ladispoli ITA"]
[Date "2009.09.20"]
[Round "3"]
[White "Placchetta, Omero"]
[Black "Bruno, Antonino"]
[Result "1-0"]
[WhiteElo "1719"]
[BlackElo "1509"]
[PlyCount "135"]
[EventDate "2009.09.19"]

1. e4 e5 2. Nf3 Nc6 3. Bb5 Nf6 4. Bxc6 dxc6 5. d3 Bd6 6. Bg5 Qe7 7. O-O Bg4 8.
h3 Bh5 9. g4 Bg6 10. Nh4 Qe6 11. Nf5 Bxf5 12. exf5 Qd5 13. Nc3 Qa5 14. Bxf6
gxf6 15. Ne4 Be7 16. a3 O-O-O 17. b4 Qd5 18. Nc3 Qd4 19. Ne2 Qd5 20. Ng3 Qd4
21. Qd2 h6 22. Rad1 Qd5 23. c4 Qf3 24. Qe3 Qxe3 25. fxe3 Rd7 26. Rf2 Rhd8 27.
Rfd2 c5 28. b5 Rd6 29. a4 b6 30. Ne4 R6d7 31. Nc3 Rd6 32. Nd5 Bf8 33. Ra1 Kb7
34. a5 R8d7 35. Rda2 Kb8 36. axb6 cxb6 37. Rg2 Be7 38. h4 Bd8 39. g5 hxg5 40.
hxg5 fxg5 41. Rh2 f6 42. Kf2 Rxd5 43. cxd5 Rxd5 44. Ke2 Be7 45. Rh7 Rd7 46.
Rah1 Kc7 47. Rf7 Kd6 48. Rhh7 Rc7 49. Kf3 Rd7 50. e4 Rc7 51. Rh8 Rd7 52. Rc8
Rd8 53. Rxd8+ Bxd8 54. Rxa7 Bc7 55. Kg4 Bd8 56. Kh5 Be7 57. Ra8 Kd7 58. Rg8 Kd6
59. Kg6 Kd7 60. Kf7 Bd8 61. Rg7 Kd6 62. Ke8 c4 63. dxc4 Kc5 64. Kxd8 Kxc4 65.
Ke7 Kxb5 66. Kxf6 Kc4 67. Kxe5 b5 68. Rxg5 1-0

[Event "VII Memorial Alvise Zichichi"]
[Site "Ladispoli ITA"]
[Date "2009.09.20"]
[Round "3"]
[White "Rampini, Carlo"]
[Black "Marta, Daniele"]
[Result "0-1"]
[WhiteElo "1820"]
[BlackElo "2056"]
[PlyCount "68"]
[EventDate "2009.09.19"]

1. Nf3 Nf6 2. g3 d5 3. Bg2 c5 4. O-O e6 5. d3 Be7 6. Re1 O-O 7. Nbd2 Nc6 8. e4
dxe4 9. dxe4 b5 10. Qe2 Qb6 11. a4 Nb4 12. Nf1 bxa4 13. Rxa4 Ba6 14. c4 Rad8
15. e5 Nd7 16. b3 Nb8 17. Bg5 Rfe8 18. Bxe7 Rxe7 19. Ng5 Nd7 20. Qh5 Nf8 21.
Ne4 Bb7 22. Nfd2 Kh8 23. Nf3 Nd3 24. Re3 Qxb3 25. Ra1 Bxe4 26. Qh4 Ng6 27. Qxe4
Qb2 28. Rd1 Qxf2+ 29. Kh1 Rb7 30. Rexd3 Rxd3 31. Qxd3 h6 32. Qd8+ Kh7 33. Ng5+
hxg5 34. Bxb7 Qe3 0-1

[Event "VII Memorial Alvise Zichichi"]
[Site "Ladispoli ITA"]
[Date "2009.09.20"]
[Round "3"]
[White "Sarti, Emanuele"]
[Black "Quimi, Marco"]
[Result "0-1"]
[WhiteElo "1431"]
[BlackElo "2227"]
[PlyCount "56"]
[EventDate "2009.09.19"]

1. e4 g6 2. d4 Bg7 3. Bc4 c6 4. Nf3 b5 5. Bb3 d6 6. O-O Nf6 7. Re1 O-O 8. Bg5
Bb7 9. c3 Qc7 10. Qd2 e5 11. Bh6 Nbd7 12. a4 a6 13. Qg5 Rae8 14. Nbd2 exd4 15.
cxd4 c5 16. Rac1 Nxe4 17. Nxe4 Bxe4 18. Re3 c4 19. Bxg7 Kxg7 20. axb5 h6 21.
Rxc4 Qxc4 22. Bxc4 hxg5 23. Nxg5 Ba8 24. Rb3 Re1+ 25. Bf1 Bd5 26. Rb4 axb5 27.
f3 Bc4 28. Rxc4 bxc4 0-1

[Event "VII Memorial Alvise Zichichi"]
[Site "Ladispoli ITA"]
[Date "2009.09.20"]
[Round "3"]
[White "Vertechi, Pietro"]
[Black "Cavaterra, Umberto"]
[Result "1-0"]
[WhiteElo "1959"]
[BlackElo "1801"]
[PlyCount "111"]
[EventDate "2009.09.19"]

1. d4 d5 2. c4 c6 3. Nf3 e6 4. Nc3 Nf6 5. Bg5 Nbd7 6. e3 Be7 7. Bd3 O-O 8. O-O
h6 9. Bh4 Ne8 10. Bxe7 Qxe7 11. e4 dxe4 12. Nxe4 Nef6 13. c5 Nxe4 14. Bxe4 e5
15. Re1 f5 16. Bc2 e4 17. Nd2 Qh4 18. f3 Nf6 19. Qe2 Bd7 20. fxe4 fxe4 21. g3
Qh3 22. Nxe4 Nxe4 23. Qxe4 Bf5 24. Bb3+ Kh8 25. Be6 Bxe4 26. Bxh3 Bd5 27. Re7
Rf7 28. Rae1 Raf8 29. a3 Kh7 30. Rd7 Bc4 31. Ree7 Rxe7 32. Rxe7 Rf7 33. Rxf7
Bxf7 34. Bc8 b6 35. Bh3 bxc5 36. dxc5 Kg6 37. Bg2 Be8 38. Kf2 Kg5 39. Ke3 Kf5
40. Kd4 g5 41. b4 Bd7 42. Bh3+ g4 43. Bg2 a6 44. Bf1 Bc8 45. Bd3+ Kf6 46. Ke4
Bf5+ 47. Ke3 Bc8 48. Kf4 h5 49. Bc4 Bb7 50. a4 Bc8 51. Bd3 Bb7 52. Bf5 a5 53.
bxa5 Ba6 54. Bd7 Bb7 55. a6 Ba8 56. Bc8 1-0

[Event "VII Memorial Alvise Zichichi"]
[Site "Ladispoli ITA"]
[Date "2009.09.20"]
[Round "3"]
[White "Vuelban, Virgilio"]
[Black "Trebeschi, Andrea"]
[Result "1-0"]
[WhiteElo "2405"]
[BlackElo "2042"]
[PlyCount "55"]
[EventDate "2009.09.19"]

1. e4 d6 2. d4 Nf6 3. Nc3 g6 4. f4 Bg7 5. Nf3 c5 6. Bb5+ Bd7 7. e5 Ng4 8. e6
fxe6 9. Ng5 Bxb5 10. Nxb5 Qa5+ 11. c3 Qxb5 12. Nxe6 Na6 13. Qxg4 Bf6 14. dxc5
dxc5 15. Kf2 Qd3 16. Rd1 Qe4 17. Re1 Qc6 18. f5 Nc7 19. Bg5 h5 20. Qg3 Nd5 21.
c4 Bxb2 22. cxd5 Qb6 23. Rab1 c4+ 24. Be3 Qb4 25. Qxg6+ Kd7 26. Nc5+ Kd8 27.
Qe6 Qb5 28. a4 1-0

[Event "VII Memorial Alvise Zichichi"]
[Site "Ladispoli ITA"]
[Date "2009.09.20"]
[Round "4"]
[White "Attanasi, Salvatore"]
[Black "Placchetta, Omero"]
[Result "1-0"]
[WhiteElo "1822"]
[BlackElo "1719"]
[PlyCount "57"]
[EventDate "2009.09.19"]

1. e4 e5 2. d4 exd4 3. Qxd4 Nc6 4. Qe3 d6 5. Nc3 Be6 6. Bd2 Be7 7. O-O-O h6 8.
f4 Nb4 9. Kb1 d5 10. exd5 Nxd5 11. Qf3 c6 12. f5 Bxf5 13. Qxf5 Nxc3+ 14. bxc3
Qb6+ 15. Ka1 Rd8 16. Bd3 Rd5 17. Qf3 Bf6 18. Rb1 Qa5 19. Qe4+ Ne7 20. Qb4 O-O
21. Qxa5 Rxa5 22. Rxb7 Nd5 23. Ne2 Re8 24. Re1 Nxc3 25. Nxc3 Rxe1+ 26. Bxe1 g6
27. Kb1 Re5 28. Bd2 Rc5 29. Ne4 1-0

[Event "VII Memorial Alvise Zichichi"]
[Site "Ladispoli ITA"]
[Date "2009.09.20"]
[Round "4"]
[White "Bruno, Antonino"]
[Black "Gerlando, Onofrio"]
[Result "1-0"]
[WhiteElo "1509"]
[BlackElo "1627"]
[PlyCount "91"]
[EventDate "2009.09.19"]

1. e4 e5 2. Bc4 Nc6 3. Nf3 h6 4. c3 Bc5 5. d4 exd4 6. cxd4 Bb4+ 7. Bd2 Bxd2+ 8.
Qxd2 d6 9. Qf4 Qf6 10. Qxf6 Nxf6 11. e5 Nh5 12. exd6 cxd6 13. O-O O-O 14. Nc3
a6 15. Nd5 Be6 16. a3 b5 17. Ba2 g6 18. Rfc1 Na5 19. Ne7+ Kg7 20. Nd5 Nc4 21.
Bxc4 bxc4 22. Nc7 Rab8 23. d5 Bf5 24. Rxc4 Rxb2 25. g4 Bxg4 26. Rxg4 Nf6 27.
Rc4 Rb3 28. Nd4 Rd3 29. a4 a5 30. Re1 Nd7 31. Re7 Ne5 32. Rxe5 dxe5 33. Nc6 Rc8
34. Nxa5 Rb8 35. Nc6 Rb1+ 36. Kg2 f6 37. a5 Ra1 38. a6 Rd2 39. a7 Rda2 40. a8=Q
Rxa8 41. Nxa8 Rxa8 42. Rb4 Kf8 43. d6 Ke8 44. Rb7 h5 45. Rh7 Ra3 46. d7+ 1-0

[Event "VII Memorial Alvise Zichichi"]
[Site "Ladispoli ITA"]
[Date "2009.09.20"]
[Round "4"]
[White "Caprio, Guido"]
[Black "Vuelban, Virgilio"]
[Result "1-0"]
[WhiteElo "2184"]
[BlackElo "2405"]
[PlyCount "93"]
[EventDate "2009.09.19"]

1. e4 c5 2. Nf3 Nc6 3. d4 cxd4 4. Nxd4 Nf6 5. Nc3 d6 6. Bc4 e6 7. Be3 Be7 8.
Qe2 O-O 9. O-O-O a6 10. Bb3 Qc7 11. Rhg1 Nxd4 12. Bxd4 b5 13. g4 Nd7 14. g5 Nc5
15. Qh5 Bb7 16. Bf6 Rfc8 17. Rg4 Nxb3+ 18. axb3 b4 19. Rh4 Bxe4 20. Rxe4 bxc3
21. Bxc3 Qc5 22. Rf4 Bf6 23. Rxf6 gxf6 24. Qf3 Qxg5+ 25. Kb1 d5 26. h4 Rxc3 27.
bxc3 Qxh4 28. Rd4 Qh6 29. c4 f5 30. cxd5 Rd8 31. dxe6 Rxd4 32. e7 Re4 33. Qxe4
fxe4 34. e8=Q+ Kg7 35. Qxe4 Qe6 36. Qxe6 fxe6 37. Kc1 a5 38. Kd2 Kf6 39. Ke3
Ke5 40. c4 h5 41. Kf3 Kf5 42. Kg3 e5 43. Kh4 e4 44. Kxh5 Kf4 45. Kg6 Ke5 46.
Kg5 Kd4 47. Kf4 1-0

[Event "VII Memorial Alvise Zichichi"]
[Site "Ladispoli ITA"]
[Date "2009.09.20"]
[Round "4"]
[White "Gasperoni, Claudio"]
[Black "Iacoacci, Giancarlo"]
[Result "1/2-1/2"]
[WhiteElo "1770"]
[BlackElo "1820"]
[PlyCount "38"]
[EventDate "2009.09.19"]

1. d4 d5 2. c4 e6 3. Nc3 Nf6 4. Bg5 Nbd7 5. cxd5 exd5 6. e3 c6 7. Bd3 Qa5 8.
Nge2 Bd6 9. Bf4 Qc7 10. Qc2 h6 11. O-O O-O 12. Rac1 Bxf4 13. Nxf4 Qd6 14. Nfe2
Re8 15. Ng3 Nf8 16. a3 Bd7 17. b4 a6 18. Na4 Rad8 19. Qc5 Qb8 1/2-1/2

[Event "VII Memorial Alvise Zichichi"]
[Site "Ladispoli ITA"]
[Date "2009.09.20"]
[Round "4"]
[White "Giuliano, Alberto"]
[Black "Golino, Giovanni"]
[Result "1-0"]
[WhiteElo "1786"]
[BlackElo "1898"]
[PlyCount "103"]
[EventDate "2009.09.19"]

1. d4 d5 2. Nf3 Nf6 3. g3 c6 4. Bg2 Bf5 5. O-O h6 6. b3 e6 7. c4 dxc4 8. bxc4
Nbd7 9. Qb3 Be7 10. Ba3 O-O 11. Bxe7 Qxe7 12. Qxb7 Rfb8 13. Qc7 Qb4 14. Nbd2
Rc8 15. Qf4 Rab8 16. e4 g5 17. Qe3 Bg6 18. h3 Nb6 19. c5 Nc4 20. Nxc4 Qxc4 21.
Ne5 Qc2 22. Rfc1 Qa4 23. Nxg6 fxg6 24. d5 exd5 25. exd5 cxd5 26. Qe6+ Kh7 27.
Qf7+ Kh8 28. Qxf6+ Kh7 29. Bxd5 Rf8 30. Qe7+ Kh8 31. Bb3 Qc6 32. Qe3 Qf6 33.
Qc3 Rbc8 34. Qxf6+ Rxf6 35. Rc2 Kg7 36. Rac1 Kf8 37. c6 Rc7 38. Kg2 Ke7 39. a3
Rd6 40. Rc3 Rf6 41. Bd1 Rd6 42. Bg4 Kf6 43. Bd7 Rd2 44. Re1 Rd6 45. Rf3+ Kg7
46. Re7+ Kg8 47. Be6+ Rxe6 48. Rxe6 Kg7 49. Rff6 Kg8 50. Rxg6+ Kf7 51. Ref6+
Ke7 52. Rg7+ 1-0

[Event "VII Memorial Alvise Zichichi"]
[Site "Ladispoli ITA"]
[Date "2009.09.20"]
[Round "4"]
[White "Guanciale, Orazio"]
[Black "Vertechi, Pietro"]
[Result "0-1"]
[WhiteElo "2155"]
[BlackElo "1959"]
[PlyCount "80"]
[EventDate "2009.09.19"]

1. f4 d5 2. Nf3 g6 3. d3 Nf6 4. c3 c5 5. Qc2 Bg7 6. e4 O-O 7. e5 Nfd7 8. Be3
Nc6 9. Qf2 b6 10. d4 cxd4 11. cxd4 f6 12. Nc3 fxe5 13. fxe5 Ndxe5 14. dxe5 Nxe5
15. O-O-O Bb7 16. Qd2 Nxf3 17. gxf3 Qc7 18. Bh3 d4 19. Be6+ Kh8 20. Bxd4 Bxf3
21. Rhf1 Bxd1 22. Qh6 Rf6 23. Bxf6 exf6 24. Qe3 Ba4 25. Kb1 Bc6 26. Nd5 Bxd5
27. Bxd5 Rc8 28. Rc1 Qxc1+ 29. Qxc1 Rxc1+ 30. Kxc1 f5 31. b3 Be5 32. h3 Kg7 33.
Kd2 g5 34. Ke3 h5 35. Bc6 g4 36. Bd7 Kf6 37. hxg4 hxg4 38. Kf2 Kg5 39. Ke3 Bd6
40. Kf2 f4 0-1

[Event "VII Memorial Alvise Zichichi"]
[Site "Ladispoli ITA"]
[Date "2009.09.20"]
[Round "4"]
[White "Luzi, Alessandro"]
[Black "Musmarra, Giovanni"]
[Result "1-0"]
[WhiteElo "1917"]
[BlackElo "1738"]
[PlyCount "55"]
[EventDate "2009.09.19"]

1. e4 e5 2. Nf3 Nc6 3. d4 exd4 4. c3 dxc3 5. Bc4 Nf6 6. Nxc3 Be7 7. O-O d6 8.
a3 O-O 9. Qc2 Bg4 10. Be3 Re8 11. Nd4 Bd7 12. Rad1 Nxd4 13. Bxd4 Bc6 14. e5 Nd7
15. e6 fxe6 16. Bxe6+ Kh8 17. Ba2 Bf6 18. Bb1 Nf8 19. Bxf6 Qxf6 20. Nd5 Bxd5
21. Rxd5 c6 22. Rf5 Qh6 23. Rf3 Ng6 24. Rh3 Nh4 25. g3 Nf3+ 26. Kg2 Ne1+ 27.
Rxe1 Rxe1 28. Rxh6 1-0

[Event "VII Memorial Alvise Zichichi"]
[Site "Ladispoli ITA"]
[Date "2009.09.20"]
[Round "4"]
[White "Marta, Daniele"]
[Black "Parrini, Daniele"]
[Result "1-0"]
[WhiteElo "2056"]
[BlackElo "2022"]
[PlyCount "61"]
[EventDate "2009.09.19"]

1. d4 Nf6 2. c4 g6 3. Nc3 d5 4. Bg5 Ne4 5. Bh4 Nxc3 6. bxc3 dxc4 7. Qa4+ Qd7 8.
Qxc4 b6 9. Bg3 c5 10. dxc5 Nc6 11. Rd1 Qb7 12. e3 Bg7 13. Ne2 e5 14. Nc1 O-O
15. Be2 Na5 16. c6 Qc7 17. Qa4 Nxc6 18. Bf3 Bb7 19. O-O h6 20. Rd2 Rfd8 21.
Rfd1 Na5 22. Bxb7 Rxd2 23. Bxa8 Qd8 24. Bf3 e4 25. Be2 Bxc3 26. Rxd2 Qxd2 27.
Qd1 Qb2 28. h4 Nc6 29. Bc4 Na5 30. Bd5 Bd2 31. Nb3 1-0

[Event "VII Memorial Alvise Zichichi"]
[Site "Ladispoli ITA"]
[Date "2009.09.20"]
[Round "4"]
[White "Mecali, Antonello"]
[Black "Carnicelli, Valerio"]
[Result "0-1"]
[WhiteElo "1826"]
[BlackElo "1751"]
[PlyCount "114"]
[EventDate "2009.09.19"]

1. c4 e6 2. Nf3 d5 3. d4 c6 4. e3 Nf6 5. Nc3 Nbd7 6. Bd3 dxc4 7. Bxc4 b5 8. Bd3
a6 9. O-O c5 10. b3 Bb7 11. Bb2 Bd6 12. Rc1 O-O 13. Re1 cxd4 14. Nxd4 Nc5 15.
Be2 Qb8 16. g3 Rd8 17. Rc2 Be5 18. b4 Ncd7 19. Bf3 Bxf3 20. Nxf3 Nb6 21. Qe2
Nc4 22. Bc1 Bxc3 23. Rxc3 Nd5 24. Rd3 Nxb4 25. Rxd8+ Qxd8 26. Rd1 Qc7 27. a3
Nd5 28. Qd3 Re8 29. e4 Nf6 30. Bf4 e5 31. Bc1 Nb6 32. Bg5 Nfd7 33. Nh4 f6 34.
Be3 Nc5 35. Qc2 Nc4 36. Bc1 Rd8 37. Re1 Nd3 38. Rd1 Nxc1 39. Rxc1 Qc5 40. a4
Qa7 41. Qb3 Rd2 42. Qf3 Qd7 43. axb5 axb5 44. Qb3 Qd4 45. Qf3 Qd3 46. Qg4 Qd7
47. Qf3 Qa7 48. Rb1 Qc5 49. Nf5 b4 50. Rc1 b3 51. Ne3 b2 52. Rxc4 b1=Q+ 53. Kg2
Qa5 54. Qf5 Qbb6 55. Nd5 Rxd5 56. exd5 Qxd5+ 57. Re4 g6 0-1

[Event "VII Memorial Alvise Zichichi"]
[Site "Ladispoli ITA"]
[Date "2009.09.20"]
[Round "4"]
[White "Messina, Roberta"]
[Black "Sarti, Emanuele"]
[Result "1/2-1/2"]
[WhiteElo "1895"]
[BlackElo "1431"]
[PlyCount "92"]
[EventDate "2009.09.19"]

1. e4 d5 2. exd5 Nf6 3. d4 Nxd5 4. c4 Nf6 5. Nc3 c6 6. h3 e6 7. Nf3 Bb4 8. Bd2
Bxc3 9. Bxc3 O-O 10. Bd3 b5 11. cxb5 cxb5 12. Bxb5 Ne4 13. Bb4 Nd6 14. Bd3 Qb6
15. Ba3 h6 16. O-O Rd8 17. Rc1 Ba6 18. Bc5 Qb7 19. b3 Bxd3 20. Qxd3 Nc6 21.
Rfd1 Ne7 22. Rc2 Nd5 23. Rdc1 Nf5 24. Qd2 Nf6 25. Ba3 e5 26. Rc7 Qb6 27. R1c6
Qb5 28. Rc5 Qb6 29. Qc2 Nxd4 30. Nxd4 exd4 31. Qd3 Qe6 32. Rc1 Nd5 33. R7c6 Nf4
34. Qd2 Qe4 35. f3 Qe3+ 36. Qxe3 dxe3 37. Re1 e2 38. g3 Rd1 39. Kf2 Nd3+ 40.
Kxe2 Rxe1+ 41. Kxd3 Rd8+ 42. Kc4 a5 43. Bc5 Rc1+ 44. Kb5 Ra1 45. a3 Rd5 46. Kc4
Rad1 1/2-1/2

[Event "VII Memorial Alvise Zichichi"]
[Site "Ladispoli ITA"]
[Date "2009.09.20"]
[Round "4"]
[White "Messina, Salvatore"]
[Black "Fasulo, Marco"]
[Result "1/2-1/2"]
[WhiteElo "1524"]
[BlackElo "1616"]
[PlyCount "50"]
[EventDate "2009.09.19"]

1. d4 d5 2. c4 e6 3. Nc3 Nf6 4. Nf3 Be7 5. Bg5 O-O 6. e3 h6 7. Bh4 c6 8. Bd3 a6
9. a4 Qa5 10. O-O g5 11. Bg3 Nbd7 12. h4 Nh5 13. hxg5 Nxg3 14. fxg3 dxc4 15.
Bxc4 Bxg5 16. Nxg5 Qxg5 17. Qf3 Nb6 18. Bd3 Nd5 19. Rae1 Bd7 20. Ne4 Qg7 21.
Bc4 f5 22. Nc3 Kh8 23. Rd1 Qg5 24. e4 Ne3 25. exf5 Nxc4 1/2-1/2

[Event "VII Memorial Alvise Zichichi"]
[Site "Ladispoli ITA"]
[Date "2009.09.20"]
[Round "4"]
[White "Palermo, Stefano"]
[Black "Elia, Alessio"]
[Result "0-1"]
[WhiteElo "2060"]
[BlackElo "1850"]
[PlyCount "140"]
[EventDate "2009.09.19"]

1. e4 d6 2. d4 Nf6 3. Nc3 g6 4. f4 Bg7 5. Nf3 c5 6. Bb5+ Bd7 7. e5 Ng4 8. e6
fxe6 9. Ng5 Bxb5 10. Nxb5 Qa5+ 11. c3 Qxb5 12. Nxe6 Na6 13. Qxg4 Bf6 14. dxc5
Kf7 15. Be3 Qxb2 16. O-O Nxc5 17. Bxc5 dxc5 18. Nxc5 Qb6 19. f5 Qxc5+ 20. Kh1
Qxc3 21. Rac1 Qe5 22. Rce1 Qd6 23. Re6 Qc7 24. Qf3 Rhg8 25. fxg6+ Rxg6 26. Qb3
Kg7 27. Qa3 Re8 28. Qxa7 Qc2 29. Qxb7 Qxa2 30. Qe4 Qa8 31. Qe2 Qd5 32. h3 Qg5
33. Qc2 Rd8 34. Re2 Be5 35. Rf5 Rd1+ 36. Qxd1 Qxf5 37. Qe1 Qg5 38. Qf2 Rf6 39.
Qe1 Bd6 40. Re4 h5 41. Kg1 Qc5+ 42. Kh1 Qf2 43. Qxf2 Rxf2 44. Kg1 Rd2 45. Kf1
Kg6 46. Ra4 Kf5 47. Rc4 e5 48. Rh4 Kg5 49. Ra4 Rd4 50. Ra8 h4 51. Rg8+ Kf5 52.
Ke2 Rf4 53. Rc8 Ke6 54. Rc1 Kd5 55. Rd1+ Rd4 56. Ra1 e4 57. Ra5+ Bc5 58. Ra8
Rb4 59. Rd8+ Ke5 60. Re8+ Kf4 61. Rd8 Rb2+ 62. Kf1 Rf2+ 63. Ke1 Rxg2 64. Rc8
Bd4 65. Rd8 Ke3 66. Kf1 Rh2 67. Ra8 Kd3 68. Ra6 Rxh3 69. Kg2 Rg3+ 70. Kh2 Rg8
0-1

[Event "VII Memorial Alvise Zichichi"]
[Site "Ladispoli ITA"]
[Date "2009.09.20"]
[Round "4"]
[White "Quimi, Marco"]
[Black "Arabito, Giuseppe"]
[Result "1/2-1/2"]
[WhiteElo "2227"]
[BlackElo "1904"]
[PlyCount "83"]
[EventDate "2009.09.19"]

1. e4 d6 2. d4 Nf6 3. Nc3 g6 4. Nf3 Bg7 5. Be2 O-O 6. O-O e5 7. Re1 Nbd7 8. Bf1
c6 9. a4 Re8 10. g3 b6 11. Bg2 Bb7 12. h3 Qc7 13. Bg5 a6 14. dxe5 dxe5 15. Qd2
Nc5 16. Qe3 Ne6 17. Bh6 b5 18. Bxg7 Kxg7 19. b4 Red8 20. Rad1 Rd7 21. Rxd7 Nxd7
22. a5 Qd6 23. Rd1 Qe7 24. h4 Rd8 25. Bh3 f6 26. h5 Ndf8 27. Rxd8 Qxd8 28. h6+
Kf7 29. Qa7 Qc7 30. Nd2 Nd4 31. Nb3 Nxb3 32. cxb3 Ne6 33. Bxe6+ Kxe6 34. Kg2
Qd7 35. g4 Bc8 36. Qxd7+ Bxd7 37. f3 Kd6 38. Nb1 Be6 39. Nd2 c5 40. Kf2 cxb4
41. Ke2 Kc5 42. Kd3 1/2-1/2

[Event "VII Memorial Alvise Zichichi"]
[Site "Ladispoli ITA"]
[Date "2009.09.20"]
[Round "4"]
[White "Rampini, Carlo"]
[Black "Masciolini, Giovanni"]
[Result "0-1"]
[WhiteElo "1820"]
[BlackElo "1583"]
[PlyCount "118"]
[EventDate "2009.09.19"]

1. Nf3 d5 2. g3 Nf6 3. Bg2 e6 4. O-O Be7 5. d3 O-O 6. Re1 Nc6 7. Nbd2 Rb8 8. e4
dxe4 9. dxe4 e5 10. c3 Re8 11. Qc2 Be6 12. Nf1 Bd6 13. Bg5 h6 14. Bd2 Qe7 15.
Rad1 Rbd8 16. Ne3 Qf8 17. b4 a6 18. a4 Ra8 19. Nh4 Ne7 20. Bf1 c5 21. Bc1 Red8
22. b5 axb5 23. Bxb5 Bc7 24. Bc4 Bxc4 25. Nxc4 Qe8 26. Rxd8 Rxd8 27. Be3 Qc6
28. f3 g5 29. Ng2 Ng6 30. h3 Ne8 31. a5 Nd6 32. Nb6 Bxb6 33. axb6 Nc4 34. Bf2
Qxb6 35. Rb1 Qc6 36. Qb3 Nd2 37. Qxb7 Nxf3+ 38. Kh1 Rd1+ 39. Ne1 Qxb7 40. Rxb7
Nxe1 41. Bxc5 Nd3+ 42. Bg1 Nf2+ 43. Kg2 Nxe4 44. c4 Nxg3 45. c5 Nf5 46. c6 Nf4+
47. Kf3 Nd6 48. Rb8+ Kg7 49. Bc5 Rd3+ 50. Be3 Rc3 51. h4 Rxc6 52. hxg5 hxg5 53.
Kg4 f6 54. Rb3 Kg6 55. Ba7 f5+ 56. Kf3 e4+ 57. Kf2 Rc2+ 58. Ke3 Nc4+ 59. Kd4 e3
0-1